Paesi che confinano con l'Italia - Statistics

Statistiche generali
  • Questo quiz è stato fatto 229 volte
  • Il punteggio medio è 6 su 6
Statistiche sulle risposte
cm Nazione % Corretto
488 Francia
100%
430 Austria
99%
740 Svizzera
99%
232 Slovenia
97%
3.2 Città del Vaticano
93%
39 San Marino
93%
Nessun quiz corrispondente trovato
Distribuzione punteggi
Percentuale di utenti per punteggio
Percentile per numero di risposta
I tuoi punteggi nel tempo
Non hai fatto questo quiz